[Event "SLO-chT2 East"]
[Site "Slovenia"]
[Date "2017.12.09"]
[Round "8"]
[White "Ristic, Nikola"]
[Black "Bohak, Janko"]
[Result "1/2-1/2"]
[WhiteElo "1890"]
[BlackElo "1946"]
[PlyCount "61"]
[EventDate "2017.09.30"]
[EventType "team-tourn"]
[EventRounds "9"]
[EventCountry "SLO"]
[SourceTitle "EXT 2019"]
[Source "ChessBase"]
[SourceDate "2018.10.10"]
[SourceVersion "1"]
[SourceVersionDate "2018.10.10"]
[SourceQuality "1"]

1. b3 Nf6 2. Bb2 d6 3. g3 e5 4. Bg2 Be7 5. c4 0-0 6. Nf3 Nc6 7. 0-0 Bd7 8. h3 a6 9. Kh2 Rb8 10. e3 b5 11. cxb5 axb5 12. d4 exd4 13. Nxd4 Nxd4 14. Bxd4 c5 15. Bb2 Be6 16. Nc3 d5 17. Qc2 Qc7 18. Ne2 Rbc8 19. Rac1 Qd7 20. Rfd1 Rfd8 21. Rd2 Kf8 22. Rcd1 Kg8 23. Nf4 Bf5 24. Qc3 d4 25. Qc1 Ne4 26. Bxe4 Bxe4 27. exd4 c4 28. bxc4 Rxc4 29. Qb1 Bg5 30. Re1 Bxf4 31. gxf4 1/2-1/2

[Event "SLO-chT2 East"]
[Site "Slovenia"]
[Date "2017.10.15"]
[Round "3"]
[White "Bohak, Janko"]
[Black "Urbanc, Ana"]
[Result "0-1"]
[WhiteElo "1946"]
[BlackElo "1693"]
[PlyCount "82"]
[EventDate "2017.09.30"]
[EventType "team-tourn"]
[EventRounds "9"]
[EventCountry "SLO"]
[SourceTitle "EXT 2019"]
[Source "ChessBase"]
[SourceDate "2018.10.10"]
[SourceVersion "1"]
[SourceVersionDate "2018.10.10"]
[SourceQuality "1"]

1. d4 d5 2. Nf3 Nf6 3. Bf4 e6 4. e3 Be7 5. Bd3 Nbd7 6. Nbd2 0-0 7. Ne5 c5 8. c3 Re8 9. g4 cxd4 10. exd4 Nxe5 11. dxe5 Nd7 12. Nf3 Bc5 13. Bxh7+ Kxh7 14. Ng5+ Kg8 15. Qd3 Nf8 16. h4 f6 17. Nf3 fxe5 18. Bxe5 Bd6 19. g5 Bxe5 20. Nxe5 Qd6 21. f4 Nd7 22. Qe2 Rf8 23. Ng6 Rf5 24. 0-0-0 Nf8 25. h5 Nxg6 26. hxg6 Qxf4+ 27. Kb1 Rxg5 28. Rhf1 Qe5 29. Qb5 Qe4+ 30. Ka1 Qxg6 31. Qb4 Qe8 32. Qh4 Rh5 33. Qg3 Bd7 34. Rg1 Qe7 35. Rh1 Rxh1 36. Rxh1 Rf8 37. Qg6 Qf6 38. Qh7+ Kf7 39. b3 Qxc3+ 40. Kb1 Qf6 41. Qh5+ Qg6+ 0-1

[Event "SLO-chT2 East"]
[Site "Slovenia"]
[Date "2017.09.30"]
[Round "1"]
[White "Bohak, Janko"]
[Black "Krize, Ales"]
[Result "1/2-1/2"]
[WhiteElo "1946"]
[BlackElo "1833"]
[PlyCount "112"]
[EventDate "2017.09.30"]
[EventType "team-tourn"]
[EventRounds "9"]
[EventCountry "SLO"]
[SourceTitle "EXT 2019"]
[Source "ChessBase"]
[SourceDate "2018.10.10"]
[SourceVersion "1"]
[SourceVersionDate "2018.10.10"]
[SourceQuality "1"]

1. d4 Nf6 2. Nf3 e6 3. Bf4 d5 4. e3 Be7 5. Ne5 0-0 6. Nd2 b6 7. Bd3 Bb7 8. c3 Nbd7 9. 0-0 Nxe5 10. Bxe5 h6 11. Qf3 Nd7 12. Bxg7 Kxg7 13. Qg4+ Kh8 14. Qh3 Kg7 15. f4 f5 16. g4 fxg4 17. Qxg4+ Kh8 18. Qxe6 Nf6 19. Qh3 h5 20. Kh1 Bc8 21. f5 Rg8 22. Rg1 Bd7 23. e4 dxe4 24. Nxe4 Bc6 25. Rae1 Rxg1+ 26. Kxg1 Qg8+ 27. Ng3 Bd6 28. Re6 Rf8 29. c4 Qg4 30. Qxg4 hxg4 31. d5 Bd7 32. Re1 Kg7 33. a3 Re8 34. Rxe8 Bxe8 35. b4 Bxg3 36. hxg3 Kh6 37. Kf2 Kg5 38. Ke3 Bd7 39. Kd4 Bxf5 40. Bf1 Nd7 41. c5 Kf6 42. Bb5 Ke7 43. a4 Nf6 44. Ke5 Bd7 45. d6+ cxd6+ 46. cxd6+ Kf7 47. Bc4+ Kg7 48. a5 Nh5 49. axb6 axb6 50. Be6 Bc6 51. d7 Bxd7 52. Bxd7 Nxg3 53. Bxg4 Kf7 54. Kd6 Ne4+ 55. Kc6 Ke7 56. Bf5 Nc3 1/2-1/2